000 00343nam a22001337a 4500
999 _c14795
_d14795
020 _a8186308822
082 _a631.45
_bSUR/OB
100 _aSuresh, R
_9255
100 _aMishra, A.P
_92006
245 _aObjective review in soil and water engineering
260 _aDelhi
_bStandard Publishers Distributors
_c2017
300 _a657p
942 _cBK